000 00674nam a2200277Ia 4500
003 OSt
005 20220912152454.0
006 a|||||r|||| 00| 0
007 ta
008 220909b |||||||| |||| 00| 0 eng d
024 _a45432
037 _cTextual
040 _aCSL
_beng
_cCSL
041 _aeng
082 _aG91, J32;L4
100 _aHinsdili Ronald D
245 0 _aFundamentals of microbiology
250 _a9
260 _c1974
300 _ap.
_ccm.
650 _a Microbiology
650 _aBiology
700 _a Carabtree Koby T
942 _hG91, J32;L4
_cTEXL
_2CC
999 _c86978
_d86978